000 01251nam a22002177a 4500
999 _c56864
_d56864
003 Ge_BSU
005 20190523153641.0
008 190523s2008 ge ||||| |||| 00| 0 geo d
020 _a9789941130045
041 _ageo
080 _a94(479.22) ს-32
245 _aსაქართველოს ისტორია :
_b[ტ]. 2 : (XIII-XVIII საუკუნეები) /
_c ნ. ასათიანის და გ. ჯამბურიას რედ. სარედ. კოლ.: ნათელა ვაჩნაძე, მარიამ ლორთქიფანიძე (მთ. რედ.), როინ მეტრეველი და სხვ.
264 _a თბილისი :
_bთბილ. უნ-ტის გამ-ბა,
_c2008.
300 _a420 გვ.;
_b25 სმ.
653 _aსაქართველოს ისტორია
700 _aმეტრეველი, როინ
_eმთავ. რედ.
_91532
700 _aვაჩნაძე, ნათელა
_eრედაქტორი
_91533
700 _aლორთქიფანიძე, მარიამ
_91534
700 _aასათიანი ნ.
_eრედაქტორი
_91535
942 _2udc
_cBK